| 000 | 00446nam a22001697a 4500 | ||
|---|---|---|---|
| 003 | OSt | ||
| 005 | 20260422065327.0 | ||
| 008 | 260422b |||||||| |||| 00| 0 eng d | ||
| 040 |
_aDWCL Main Lib. _cOC |
||
| 082 | _a268 H221 1967 | ||
| 245 | _aThe catechism of modern man | ||
| 260 |
_aPasay: _bSt. Paul Publications |
||
| 300 |
_a533 p. ; _c20 cm. |
||
| 504 | _aIncludes index. | ||
| 650 | _aCatechism. | ||
| 942 |
_2ddc _cBK - FIL _hFil. _n0 |
||
| 999 |
_c9706 _d9706 |
||